Исторический словарь: более 2000 статей по истории России с древнейших времен до наших дней

Bibliographische Detailangaben
1. Verfasser: Георгиева Н. Г. Наталья Георгиевна
Weitere Verfasser: Георгиев В. А. Владимир Анатольевич, Орлов А. С. Александр Сергеевич
Zusammenfassung:Издание продолжает серию учебных книг по истории России с древнейших времен до наших дней, написанных авторами словаря ("История России", "Хрестоматия по истории России", "История России в схемах"). Словарь включает более 2000 статей об исторических понятиях и терминах, важнейших этапах и событиях, фактах и принятых документах, именах отечественных и зарубежных деятелей, оказавших влияние на осуществление внутренней и внешней политики России, развитие ее культуры. Справочник предназначен как сдающим ЕГЭ по истории России, так и всем, кто интересуется историей Отечества.
Sprache:Russisch
Veröffentlicht: Москва, Проспект, 2012
Ausgabe:2-е изд.
Schlagworte:
Format: MixedMaterials Buch
KOHA link:https://koha.lib.tpu.ru/cgi-bin/koha/opac-detail.pl?biblionumber=208214

MARC

LEADER 00000nam0a2200000 4500
001 208214
005 20241126063150.0
010 |a 9785392032990 
035 |a (RuTPU)RU\TPU\book\227288 
090 |a 208214 
100 |a 20120201d2012 m y0rusy50 ca 
101 0 |a rus 
102 |a RU 
105 |a a e 000zy 
200 1 |a Исторический словарь  |e более 2000 статей по истории России с древнейших времен до наших дней  |f Н. Г. Георгиева, В. А. Георгиев, А. С. Орлов 
205 |a 2-е изд. 
210 |a Москва  |c Проспект  |d 2012 
215 |a 591 с. 
330 |a Издание продолжает серию учебных книг по истории России с древнейших времен до наших дней, написанных авторами словаря ("История России", "Хрестоматия по истории России", "История России в схемах"). Словарь включает более 2000 статей об исторических понятиях и терминах, важнейших этапах и событиях, фактах и принятых документах, именах отечественных и зарубежных деятелей, оказавших влияние на осуществление внутренней и внешней политики России, развитие ее культуры. Справочник предназначен как сдающим ЕГЭ по истории России, так и всем, кто интересуется историей Отечества. 
606 |a Россия  |x История  |7 ca  |8 rus  |2 stltpush  |3 (RuTPU)RU\TPU\subj\64777  |9 81526 
610 1 |a исторические словари 
610 1 |a термины 
610 1 |a определения 
610 1 |a понятия 
610 1 |a исторические деятели 
610 1 |a персоналии 
686 |a Т3(2)я2  |v LBC/SL-A  |2 rubbk 
700 1 |a Георгиева  |b Н. Г.  |g Наталья Георгиевна 
701 1 |a Георгиев  |b В. А.  |g Владимир Анатольевич 
701 1 |a Орлов  |b А. С.  |g Александр Сергеевич 
801 1 |a RU  |b 63413507  |c 20120201 
801 2 |a RU  |b 63413507  |c 20150429  |g RCR 
900 |a История 
942 |c BK 
959 |a 11/20120201  |d 2  |e 190,00  |f ЧЗГЛ:1  |f АНЛ:1